<?xml version="1.0" encoding="UTF-8"?><record xmlns="http://www.loc.gov/MARC21/slim" xmlns:zs="http://docs.oasis-open.org/ns/search-ws/sruResponse">
  <leader>03501nem a22005293i 4500</leader>
  <controlfield tag="001">22132302</controlfield>
  <controlfield tag="005">20250607110303.0</controlfield>
  <controlfield tag="006">m    |o  c |      </controlfield>
  <controlfield tag="007">cr |||||||||||</controlfield>
  <controlfield tag="008">210708s1915    xx |||||| a  |o |   fre  </controlfield>
  <datafield ind1=" " ind2=" " tag="035">
    <subfield code="a">22132302</subfield>
  </datafield>
  <datafield ind1=" " ind2=" " tag="906">
    <subfield code="a">0</subfield>
    <subfield code="b">ibc</subfield>
    <subfield code="c">orignew</subfield>
    <subfield code="d">u</subfield>
    <subfield code="e">ncip</subfield>
    <subfield code="f">20</subfield>
    <subfield code="g">y-gencatlg</subfield>
  </datafield>
  <datafield ind1=" " ind2=" " tag="955">
    <subfield code="a">LCAP batch update 2025-06-02-04:00: LCAPM-816</subfield>
  </datafield>
  <datafield ind1=" " ind2=" " tag="010">
    <subfield code="a">  2021668740</subfield>
  </datafield>
  <datafield ind1=" " ind2=" " tag="035">
    <subfield code="a">(WDL)18970</subfield>
  </datafield>
  <datafield ind1=" " ind2=" " tag="040">
    <subfield code="a">DLC</subfield>
    <subfield code="b">eng</subfield>
    <subfield code="c">DLC</subfield>
  </datafield>
  <datafield ind1=" " ind2=" " tag="041">
    <subfield code="a">fre</subfield>
  </datafield>
  <datafield ind1=" " ind2=" " tag="080">
    <subfield code="a">912</subfield>
  </datafield>
  <datafield ind1=" " ind2=" " tag="080">
    <subfield code="a">940</subfield>
  </datafield>
  <datafield ind1="0" ind2="0" tag="245">
    <subfield code="a">Map of the Theater of Operations (Western Front) with Alphabetical Directory.</subfield>
  </datafield>
  <datafield ind1="3" ind2="1" tag="246">
    <subfield code="a">Carte du théâtre des opérations (front occidental) avec répertoire alphabétique</subfield>
  </datafield>
  <datafield ind1=" " ind2=" " tag="260">
    <subfield code="a">Paris :</subfield>
    <subfield code="b">Army Geographical Service,</subfield>
    <subfield code="c">1915.</subfield>
  </datafield>
  <datafield ind1=" " ind2=" " tag="300">
    <subfield code="a">1 online resource.</subfield>
  </datafield>
  <datafield ind1=" " ind2=" " tag="336">
    <subfield code="a">cartographic image</subfield>
    <subfield code="b">cri</subfield>
    <subfield code="2">rdacontent</subfield>
  </datafield>
  <datafield ind1=" " ind2=" " tag="337">
    <subfield code="a">computer</subfield>
    <subfield code="b">c</subfield>
    <subfield code="2">rdamedia</subfield>
  </datafield>
  <datafield ind1=" " ind2=" " tag="338">
    <subfield code="a">online resource</subfield>
    <subfield code="b">cr</subfield>
    <subfield code="2">rdacarrier</subfield>
  </datafield>
  <datafield ind1=" " ind2=" " tag="500">
    <subfield code="a">Title devised, in English, by Library staff.</subfield>
  </datafield>
  <datafield ind1=" " ind2=" " tag="500">
    <subfield code="a">"Scale 1:500,000"--Note extracted from World Digital Library.</subfield>
  </datafield>
  <datafield ind1=" " ind2=" " tag="500">
    <subfield code="a">Original resource extent: 15 maps : colored ; 29 x 38 centimeters folded to 31 x 20 centimeters.</subfield>
  </datafield>
  <datafield ind1=" " ind2=" " tag="520">
    <subfield code="a">Carte du théâtre des opérations: (front occidental) avec répertoire alphabétique (Map of the theater of operations [Western Front] with alphabetical directory) is a set of 15 detailed military maps produced in 1915 by the Geographical Service of the French army. The maps are preceded by a comprehensive, 73-page index of places, with each place keyed to a specific quadrant on one of the maps. The maps cover the entire Western Front and adjacent regions, including northern and eastern France, all of Belgium and Luxembourg, and western Germany. Portions of the Netherlands, the United Kingdom, and Switzerland also are shown. The maps show all militarily relevant features, including elevation and terrain, canals, roads, railroads, rivers and lakes, and towns and villages. Each of the maps is named after a major city located in the region covered by the map. These names are: I-Gand (Ghent, Belgium); II-La Haye (The Hague, The Netherlands); III -Dusseldorf (Düsseldorf, Germany); IV-Boulogne (France); V-Lille (France); VI-Bruxelles (Brussels, Belgium); VII-Francfort (Frankfurt, Germany); VIII-Rouen (France); IX-Paris (France); X-Nancy (France); XI-Karlsruhe (Germany); XII-Le Mans (France); XIII-Orléans (France); XIV-Troyes (France); and XV-Mulhouse (France). The maps provide a detailed picture of the terrain on which the great battles of World War I, notably the Battle of the Somme (July 1-November 18, 1916) and the Battle of Verdun (February 21-December 18, 1916), were fought.</subfield>
  </datafield>
  <datafield ind1="1" ind2=" " tag="535">
    <subfield code="3">Original resource at:</subfield>
    <subfield code="a">National Library of Brazil.</subfield>
  </datafield>
  <datafield ind1=" " ind2=" " tag="546">
    <subfield code="a">Content in French.</subfield>
  </datafield>
  <datafield ind1="0" ind2=" " tag="588">
    <subfield code="a">Description based on data extracted from World Digital Library, which may be extracted from partner institutions.</subfield>
  </datafield>
  <datafield ind1=" " ind2="0" tag="653">
    <subfield code="a">1915</subfield>
  </datafield>
  <datafield ind1=" " ind2="0" tag="653">
    <subfield code="a">Maps</subfield>
    <subfield code="a">Military maps</subfield>
    <subfield code="a">Topographic maps</subfield>
    <subfield code="a">World War, 1914-1918</subfield>
  </datafield>
  <datafield ind1=" " ind2=" " tag="720">
    <subfield code="a">France. Armée. Service géographique</subfield>
    <subfield code="e">Creator.</subfield>
  </datafield>
  <datafield ind1=" " ind2=" " tag="752">
    <subfield code="a">Belgium</subfield>
  </datafield>
  <datafield ind1=" " ind2=" " tag="752">
    <subfield code="a">France</subfield>
  </datafield>
  <datafield ind1=" " ind2=" " tag="752">
    <subfield code="a">Germany</subfield>
  </datafield>
  <datafield ind1=" " ind2=" " tag="752">
    <subfield code="a">Luxembourg</subfield>
  </datafield>
  <datafield ind1=" " ind2=" " tag="752">
    <subfield code="a">Netherlands</subfield>
  </datafield>
  <datafield ind1=" " ind2=" " tag="752">
    <subfield code="a">Switzerland</subfield>
  </datafield>
  <datafield ind1=" " ind2=" " tag="752">
    <subfield code="a">United Kingdom of Great Britain and Northern Ireland</subfield>
    <subfield code="b">England</subfield>
  </datafield>
  <datafield ind1="0" ind2=" " tag="773">
    <subfield code="t">World War I</subfield>
  </datafield>
  <datafield ind1="4" ind2="0" tag="856">
    <subfield code="d">gdcwdl</subfield>
    <subfield code="f">wdl_18970</subfield>
    <subfield code="u">https://hdl.loc.gov/loc.wdl/wdl.18970</subfield>
  </datafield>
  <datafield ind1=" " ind2=" " tag="985">
    <subfield code="a">wdl/wdlpartner/wdlbrazil</subfield>
  </datafield>
  <datafield ind1=" " ind2=" " tag="991">
    <subfield code="b">s-Online</subfield>
    <subfield code="h">Electronic Resource</subfield>
  </datafield>
</record>
